000 00627nam a2200229Ia 4500
003 OSt
005 20221007064007.0
006 a|||||r|||| 00| 0
007 ta
008 221006b |||||||| |||| 00| 0 eng d
024 _a24,961
037 _cTextual
040 _aFLL
_cFLL
_beng
041 _2eng
_aeng
082 _aZ3,21vN14-M70, M1
100 _aOffer Avner
245 0 _aProperty and politics 1870-1914
260 _aCambridge
_bCambridge University Press London
_c1981
300 _axviii,445p
_ccm.
942 _hZ3,21vN14-M70, M1
_cTEXL
_2CC
999 _c1132728
_d1132728